000 00267 a2200097 4500
000 nam a22 7a 4500
020 _a9781838933401
100 _aMarrozzi, Justin
245 _aThe Arab conquests : the spread of Islam and the first caliphates
260 _bApollo,
_c2021
999 _c86093
_d86093